| 000 | 00592nam a2200241 a 4500 | ||
|---|---|---|---|
| 003 | AR-BaBNM | ||
| 005 | 20251128203158.0 | ||
| 008 | 082120s2002 ||||||||||||||000 | spa|| | ||
| 040 | _cAR-BaBNM | ||
| 100 | 1 | _aMarial, José | |
| 245 | 0 | 0 | _aEl teatro independiente |
| 260 |
_aBuenos Aires _bEdiciones Alpe _c1955 |
||
| 300 | _a260 p. | ||
| 490 | 0 | _aNuestra expresión | |
| 650 | 4 | _aTEATRO | |
| 650 | 4 | _aCRITICA LITERARIA | |
| 650 | 4 | _aCOSTUMBRES Y TRADICIONES | |
| 650 | 4 | _aHISTORIA CULTURAL | |
| 651 | 4 | _aArgentina | |
| 653 | _aCRITICA TEATRAL | ||
| 942 | _cBK | ||
| 998 | _cMARTIN | ||
| 999 |
_c2262 _d2262 |
||